000 00605nam a2200205 i 4500
001 133679
003 ES-MaACL
005 20230906194510.0
007 t|
008 070824s1959 sp ||||1| spa d
100 1 _aMalaparte, Curzio.
_975687
245 1 0 _aSangre /
_cpor Curzio Malaparte [seud.] ; [versión castellana de Manuel Bosch Barrett].
260 _aBarcelona :
_bG.P.,
_c[1959]
300 _a159 p. ;
_c18 cm.
490 1 _aLibro Picus ;
_v2
700 1 _aBosch Barrett, Manuel.
_930649
830 1 _aLibro Picus ;
_v2
_9181734
852 _aES-MaACL
_jC-16707
999 _c133679
_d133679